Planar graphs: theory and algorithms
Guardat en:
| Autors principals: | , |
|---|---|
| Format: | Llibre |
| Idioma: | anglès |
| Publicat: |
Amsterdam
North-Holland
1988
|
| Col·lecció: | Annals of discrete mathematics, 32
|
| Matèries: | |
| Etiquetes: |
Afegir etiqueta
Sense etiquetes, Sigues el primer a etiquetar aquest registre!
|
MARC
| LEADER | 00000nam a2200000 a 4500 | ||
|---|---|---|---|
| 001 | UCW1514 | ||
| 003 | CL-VaPUC | ||
| 008 | 920721e19880000NE |||||||||||||||||eng|d | ||
| 082 | 0 | 4 | |a 511.5 |b NIS |2 21 |
| 100 | 0 | |a Nishizeki, Takao |e author |9 305518 | |
| 700 | 0 | |a Chiba, Norishige |e author |9 305519 | |
| 245 | 1 | 0 | |a Planar graphs: theory and algorithms |
| 300 | |a 232 p | ||
| 942 | |c BK | ||
| 945 | |d 19920721 00:00:00 | ||
| 260 | |a Amsterdam |b North-Holland |c 1988 | ||
| 650 | 0 | |a Teoría de grafos |9 269886 | |
| 650 | 0 | |a Algoritmos |9 260639 | |
| 583 | |a last modification |c 19920721 00:00:00 |k Rodrigo Vera | ||
| 490 | 0 | |a Annals of discrete mathematics, 32 | |
| 999 | |c 216398 |d 216396 | ||
| 952 | |0 0 |1 0 |4 0 |6 511_500000000000000_NIS_1988 |7 0 |8 A |9 202104 |a BIBMAT |b BIBMAT |d 2019-11-14 |i 2692260 |o 511.5 NIS 1988 |p 2692260 |r 2025-01-07 |w 2019-11-14 |y BK |k MAT | ||